[Event "ROM-ch"]
[Site "Targoviste"]
[Date "2001.12.05"]
[Round "11"]
[White "Badea, Bela"]
[Black "Jianu, Vlad Cristian"]
[Result "1-0"]
[WhiteElo "2530"]
[BlackElo "2397"]
[Annotator "Hazai,L"]
[PlyCount "48"]
[EventDate "2001.11.23"]
[EventType "tourn"]
[EventRounds "15"]
[EventCountry "ROU"]
[EventCategory "9"]
[SourceTitle "CBM 087"]
[Source "ChessBase"]
[SourceDate "2002.03.21"]
[SourceVersion "1"]
[SourceVersionDate "2002.03.21"]
[SourceQuality "1"]

1. Nf3 Nf6 2. g3 g6 3. b3 Bg7 4. Bb2 O-O 5. Bg2 d6 6. d4 e5 7. dxe5 {This
quiet system is not without poison. Many strong Rumanian player prefer it and
not without success.} Nfd7 {This is the complicated way, Black wants to avoid
the exchange of Q and take back with the P on e5.} 8. Nc3 (8. Qd2 Nc6 9. O-O (
9. Nc3 Ndxe5 $5 {is also playable now.} (9... dxe5 {- 8.Nc3})) 9... Ndxe5 (9...
Re8 10. Rd1 Ndxe5 (10... dxe5 {- 9...dxe5}) 11. Nxe5 Nxe5 12. c4 {/\ Nc3-d5}
Rb8 13. Nc3 b6 14. Nd5 $14 {and White has achieved, what he wanted,
Miles-Marjanovic, Manila 1974.}) (9... dxe5 10. Rd1 Re8 11. e4 f6 $5 (11... Nc5
$5 {This leads to the opening of the position, which usually helps for the
better developed party.} 12. Qxd8 Nxd8 13. Bxe5 $1 Nxe4 14. Re1 $1 Bxe5 15.
Rxe4 $14 {Miles-Nen.Ristic, Belgrade 1988 46/85})) 10. c4 $5 {/\ Nc3 >< d5} (
10. Nxe5 dxe5 $13) 10... Nxf3+ 11. Bxf3 Bxb2 12. Qxb2 Ne5 13. Bg2 $14 {/\ Nc3
with a somewhat better P structure and a mighty fianchettoed B.}) 8... dxe5 9.
Qd2 {/\ 0-0-0 suddenly changing the course of the game.} Nc6 (9... a5 10. h4 {
/\ h5 is the main idea with a sharp play.} Nc5 11. O-O-O Nbd7 12. h5 a4 13.
hxg6 hxg6 14. Rh4 axb3 15. axb3 c6 16. Rdh1 Qf6 17. Qe3 $36 {Dizdarevic-Mainka,
Moscow 1994}) (9... c6 10. O-O-O Qe7 11. h4 (11. e4 a5 12. Qd6 {The _|_ cannot
be dangerous for Black now.} Qxd6 13. Rxd6 Nc5 14. a4 Nba6 15. Re1 Re8 {
/\ Bf8 firmly controlling the dark squares.} 16. Bf1 Be6 17. Kb1 f6 $11 {
Radjabov-A.Toth, Budapest 1999}) 11... Nf6 12. e4 a5 13. Qd6 Qxd6 14. Rxd6 Ng4
{The _|_ is again harmless.} 15. Nd1 Re8 {1/2-1/2 Co.Ionescu-G.Szabo,
Bucharest 2001}) (9... Na6 10. O-O-O Qe7 11. h4 h6 (11... h5 $5 {comes into
consideration.}) 12. h5 g5 13. Nd5 Qd6 14. Nxg5 $1 {Now White gets a strong
positional compensation for the sacrificed N.} c6 (14... hxg5 15. h6 (15. Qxg5
Qh6) 15... Bf6 16. h7+ Kg7 17. f4 $40) 15. Qd3 hxg5 16. h6 Bf6 17. Nxf6+ Qxf6
18. h7+ Kh8 19. Qe3 {There are nasty threats on the long /^.} Qg7 20. f4 f6 21.
fxg5 fxg5 22. Rxd7 $18 Bxd7 23. Qxe5 $1 {1-0 Sulava-Mazi, Velden 1996 A nice
game!}) (9... Re8 10. O-O-O (10. e3 {is simply too passive. White is defending
against e4-e3.} Nc6 11. O-O-O e4 12. Ng1 Qf6 (12... f5 $5 {and White's pieces
are rather passive.}) 13. Nge2 Nc5 $5 $13 (13... Nb6 {The N is out of play
here.} 14. Nd4 Nxd4 15. exd4 {>< e4} Bf5 16. Rhe1 $14 {Badea-Ciampi, Nice 2001}
)) 10... a5 {Both want to open lines against the enemy K.} (10... e4 11. Ne1 (
11. Nd4 e3 12. fxe3 {White's P structure is corrupted, but his pieces are
rather active now.} c6 13. e4 Na6 14. g4 Qh4 15. h3 Nac5 16. Kb1 Nf6 17. Qf4
Ne6 18. Nxe6 Bxe6 19. Rhf1 $16 {L.Hansen-Joecks, Germany 1997}) 11... Qf6 12.
Qe3 Nb6 13. Nd3 $1 Qe7 14. Nf4 $16 {Sulava-Armanda, Pula 1999}) 11. h4 a4 12.
h5 axb3 13. axb3 e4 14. Ng5 e3 15. Qd5 Qf6 16. hxg6 hxg6 17. f4 c6 18. Qd3 Nf8
19. Nge4 Rxe4 20. Bxe4 Ra2 21. Qd8 $13 {Dizdar-Fercec, Nova Gorica 1997}) 10.
O-O-O (10. h4 h6 11. e4 Nd4 {centralizing the strong N.} 12. Nd5 c6 13. Nxd4
exd4 14. Nf4 c5 15. c3 Qe8 {1/2-1/2 Dizdarevic-Kolev, Moscow olm 1994}) 10...
a5 11. h4 (11. a4 {is perhaps too caotious.} Nb4 12. Nb5 (12. h4 Qe7 13. e4 c6
14. h5 Nc5 15. Qd6 {and the _|_ is again not dangerous for Black at all.} Qxd6
16. Rxd6 Be6 17. Bh3 Rad8 18. Rxd8 Rxd8 19. Bxe6 Nxe6 $11 {Schebler-Ad.Horvath,
Koszeg 1999}) 12... Qe7 13. Nxc7 Nc5 14. Nd5 {1/2-1/2 Badea-D.Popovic,
Subotica 2001}) 11... a4 $6 {Why to allow h4-h5?} (11... h6 12. g4 (12. h5 {
is certainly met by} g5) 12... a4 13. g5 h5 {Black wants to avoid the opening
of lines on the >>.} 14. e3 axb3 15. axb3 Nb4 16. Bh3 e4 17. Bxd7 exf3 18. Bxc8
Qxc8 19. Nd5 $11 {Dizdar-Spasov, Yerevan 1996}) (11... h5 {weakens >< g5.} 12.
Ng5 Ra6 13. Kb1 Nd4 14. e3 Ne6 15. Nxe6 Rxe6 16. Nb5 a4 17. Bh3 f5 18. e4 axb3
19. axb3 Rb6 20. Qe2 $14 {Co.Ionescu-Gallagher, Istanbul olm 2000}) 12. h5 (12.
Nxa4 $5 {taking bravely the P was interesting:} Qe7 13. h5 Rxa4 14. bxa4 Nb6
15. hxg6 fxg6 (15... hxg6 16. Qg5 $18) 16. Qc3 {and Black hasn't enough
compensation for the sacrificed material.}) 12... axb3 13. axb3 Qe7 $6 {
The Q is only more vulnerable here than anywhere else.} (13... Nb6 {trying to
simplificate the position was more to the point.} 14. Qxd8 (14. Qe3 Qe7) 14...
Rxd8 15. Rxd8+ Nxd8) 14. hxg6 hxg6 (14... fxg6 {is already met by the
devastating} 15. Rxh7 $1 Kxh7 16. Ng5+ Kg8 (16... Kh8 17. Rh1+ $18) 17. Bd5+
$18) 15. Nd5 Qd6 $6 {Consistant, but inferior.} (15... Qd8 16. Qc3 $16) 16. Qg5
$1 {Now material losses are inevitable.} Re8 (16... Ra5 17. Qh4 Re8 18. Nb6 $18
) 17. Nb6 $1 $18 {and Black has no adequate compensation for the Q.} Qxd1+ 18.
Rxd1 Nxb6 19. Qh4 Bf5 20. Ng5 Ra5 21. g4 Bc8 22. Ne4 Nd5 23. e3 Re6 24. Ng5 Rd6
1-0

[Event "EU-chT (Men) 13th"]
[Site "Leon"]
[Date "2001.11.15"]
[Round "9.1"]
[White "Galego, Luis"]
[Black "Cobb, James"]
[Result "1-0"]
[WhiteElo "2503"]
[BlackElo "2335"]
[Annotator "Hazai,L"]
[PlyCount "131"]
[EventDate "2001.11.06"]
[EventType "team-swiss"]
[EventRounds "9"]
[EventCountry "ESP"]
[SourceTitle "CBM 086"]
[Source "ChessBase"]
[SourceDate "2002.02.05"]
[SourceVersion "1"]
[SourceVersionDate "2002.02.05"]
[SourceQuality "1"]
[WhiteTeam "Portugal"]
[BlackTeam "Wales"]
[WhiteTeamCountry "POR"]
[BlackTeamCountry "WLS"]

1. d4 Nf6 2. Nf3 g6 3. g3 Bg7 4. Bg2 c5 5. O-O O-O 6. dxc5 {This move contains
more venom than it looks at first sight.} (6. c4 {may lead to the main lines
after} d6 (6... Nc6 $5) 7. Nc3 Nc6) 6... Na6 (6... Qa5 {is the other way to
gain back the P.} 7. Be3 (7. Qd4 Na6 8. Nc3 Qxc5 9. Qh4 d6 10. Ng5 {It is hard
to believe that White has real attacking chances on the >>.} h5 11. Nge4 Nxe4
12. Nxe4 Qc7 13. c3 Bg4 $11 (13... Re8 14. Be3 Bf5 15. Rad1 Rad8 16. Ng5 f6 17.
Nf3 Bg4 $5 (17... e5 18. Qa4 $14 {Kazhgaleyev-Sergeev, Pardubice 1996}))) 7...
Ng4 8. Bd4 Nc6 (8... e5 {weakens only Black's P structure.} 9. Bc3 Qxc5 10. h3
Nh6 11. e4 Nc6 12. Bd2 {/\ Qc1 and Nc3} f6 13. Nc3 {>< d5} Nf7 14. Nd5 $14 {
Romanishin-Sergeev, Ordzhonikidze 2001}) 9. Bxg7 Kxg7 10. h3 Nf6 11. a3 Qxc5
12. b4 Qc4 13. Nbd2 Qc3 {and White cannot chase away the annoying Q.} 14. e4 d6
$11 {Romanishin-Granero Roca, Zaragoza 1998}) 7. Be3 (7. c4 Nxc5 8. Nc3 d6 9.
Nd4 {White inserts pressure on the long /^.} Qb6 (9... Rb8 10. b4 $1 Ne6 11.
Nc2 $14 {avoiding the exchanges with space advantage, Gallego-Moimeaux, Paris
1993.}) (9... Ng4 10. h3 Ne5 11. b3 {The black knights are running back and
forth, but White's space advantage will soon dominate.} a5 12. Rb1 (12. Be3 a4
13. Qd2 axb3 14. axb3 Rxa1 15. Rxa1 Nc6 16. Rb1 Na5 17. Qa2 Ne6 {
(Bogdan-Moraru, Bucharest 1998)} 18. Ndb5 $14 {and both black knights are
badly placed.}) 12... a4 13. f4 Nc6 14. Ndb5 {avoiding the exchanges, as usual.
} axb3 15. axb3 $14) (9... a6 10. h3 {/\ Be3} Rb8 11. Be3 Bd7 12. Rc1 Ne6 13.
Qd2 Nxd4 14. Bxd4 Bc6 15. e4 Nd7 16. Bxg7 Kxg7 17. b4 b5 18. cxb5 axb5 19. Nd5
Bxd5 20. Qxd5 Nf6 21. Qc6 Rb6 22. Qc3 $14 {Smyslov-Gipslis, Moscow 1959}) 10.
b3 (10. Nc2 {This allows Black the better development.} Be6 11. b3 Rfc8 12. h3
{/\ Be3} Rab8 13. Be3 (13. Nd4 $5) 13... Qd8 14. Nd4 Bd7 15. Rc1 a6 16. Kh2 Qa5
$11 {Bogdan-Gy.Horvath, Pecs 1998}) 10... Ne6 (10... Bd7 $5) 11. Nc2 Bd7 12.
Be3 Qc7 13. Rc1 Bc6 14. Nd5 $14 {Aronin-Moiseev, Moscow 1949}) 7... Qc7 (7...
Ne4 8. Bd4 Nexc5 $5 (8... Bh6 {is a bit sophysticated:} 9. Ne5 Nexc5 10. Ng4
Bg7 11. Bxg7 Kxg7 12. Qd4+ f6 13. Nc3 d6 14. Qf4 Bxg4 15. Qxg4 $14 {
Geller-Cuellar, Stockholm (izt) 1962}) 9. Bxg7 Kxg7 10. b4 Ne6 11. a3 Nac7 12.
c4 d5 13. Nbd2 b6 $5 {/\ Bb7 immediately looks more to the point.} (13... f6 {
is not so important for the moment.} 14. Qc2 b6 15. Rfd1 Bb7 16. Nb3 Qe8 17.
Nfd4 Nxd4 18. Nxd4 e5 19. cxd5 Rc8 20. d6 Nb5 21. Qa4 Nxd6 22. Qxe8 Rcxe8 23.
Bxb7 Nxb7 24. Nb5 $14 {with a slight _|_ advantage for White similar to some
Queen's Indian positions, Zahariev-Hadzimanolis, Chania 2000.}) 14. Qc2 Bb7) 8.
Nc3 (8. c4 Nxc5 9. Nc3 b6 {This radically solves the problem of the c8 B.} 10.
Rc1 Bb7 11. Bd4 Rac8 12. Nd5 Nxd5 13. cxd5 Qd6 14. Bxg7 Kxg7 15. Nd4 Qe5 16.
Rc3 f5 17. Re3 Qf6 18. Nb5 a5 19. Qd2 Ba6 20. Nd4 e5 $11 {Romanishin-Gelfand,
Palma de Mallorca 1989}) 8... Ng4 $6 {Now White clearly gets the upper hand.} (
8... Nxc5 9. Nb5 Qb6 10. a4 {looks best nowadays.} (10. c4 a5 {Black wants to
secure the stronghold on c5.} (10... Ng4 11. Bd4 d6 (11... Bxd4 12. Qxd4 d5 13.
b4 Na6 14. Qxb6 axb6 15. h3 Nf6 16. a3 {and in the _|_ the a6 N is out of play.
} Bd7 17. Nc3 dxc4 18. Ne5 Be6 19. Bxb7 {White has now a much better P
structure, the o^ on c4 is blockaded, and he can create a remote o^.} Ra7 20.
Bg2 $14 {Todorcevic-Outerelo Ucha, Cordoba 1991}) 12. b4 Bxd4 13. Qxd4 Na4 14.
Qxb6 (14. Rfc1 Bd7 15. Nc3 Nxc3 16. Rxc3 Qxb4 {now White's P structure is also
weakened.} 17. Rb3 Qa4 18. Rxb7 Rfb8 19. Rab1 Rxb7 20. Rxb7 Nf6 $13 {San
Segundo Carrillo-Degraeve, Zaragoza 1998}) 14... Nxb6 15. Nc7 Rb8 16. c5 dxc5
17. bxc5 $14 {with a strong pressure on the <<.}) 11. a3 (11. h3 d6 12. Nfd4
Bd7 13. Rb1 Rfc8 14. Nc3 Qb4 {It is Black, who has now some pressure on the <<!
} 15. Ncb5 Bxb5 16. cxb5 a4 17. a3 Qa5 18. b4 axb3 19. Nxb3 Nxb3 20. Rxb3 Rab8
$11 {Romanishin-Vokac, Dortmund 1991}) (11. Ne1 d6 12. Nd3 Bd7 13. Nc3 {
(Todorcevic-Petronic, Ulcinj 1997)} Bc6 $5 $13) 11... d5 $5 $13 (11... a4 {
may lead to favourable complications for White after} 12. Nc3 Qxb2 13. Bxc5
Qxc3 14. Rc1 Qb3 15. Bxe7 Re8 16. Bb4 Qxd1 17. Rfxd1 Rxe2 18. Nd4 Rb2 19. Nb5
Rxb4 20. axb4 $18 {Rashkovsky-Berg, Espergarde 1992})) 10... Ng4 11. Bd4 d6 (
11... e5 {again leads to weaknesses on the semi-opened d <->:} 12. Bxc5 Qxc5
13. Nd2 Nf6 14. Nb3 Qe7 15. Qd6 Qxd6 16. Nxd6 $14 {Szymanski-Szymanowska,
Koszalin 1999}) 12. b4 (12. Bxg7 Kxg7 13. b4 Ne6 14. h3 Nf6 15. Nd2 d5 16. c4
a6 17. a5 Qd8 18. Nc3 Nc7 19. cxd5 Ncxd5 20. Nxd5 $14 {Groszpeter-Szalanczy,
Hungary 1989}) 12... Bxd4 13. Nfxd4 Nxa4 14. Rxa4 e5 15. c4 exd4 16. Qxd4 Qxd4
17. Nxd4 {>< d6 remains a structural weakness.} a6 18. Rc1 Rb8 19. Ra5 Nf6 20.
b5 Re8 $14 {Garcia Gonzales-Zapata, Granma 1987}) 9. Bd4 Nxc5 (9... e5 10. Nd5
$16) 10. Nd5 Qd6 11. Bxg7 Kxg7 12. Qd4+ Nf6 (12... f6 13. b4 Ne6 14. Qxg4 Qxd5
15. c4 $16) 13. c4 (13. Nxf6 {is not so impressive, although only White has
chances after} Qxd4 14. Nh5+ gxh5 15. Nxd4 d6 16. h4 $14 {fixing the
weaknesses of h5.}) 13... Ne6 14. Qc3 Nc7 15. e4 (15. Nxf6 Qxf6 16. Qxf6+ Kxf6
17. c5 Ne6 18. Rac1 $14 {is also a promising _|_ where Black has difficulties
with his development.}) 15... Ncxd5 16. cxd5 (16. exd5 {was also tempting with
an assymetrical P structure.} b6 17. Nd2 Kg8 18. Rfe1 $16) 16... Qb6 17. d6 (
17. Nd2 {allows} d6) 17... exd6 18. Rac1 (18. g4 $6 {is useless because of} Qc5
) (18. Nd2 {was an alternative, for example:} Qc5 19. Rfc1 (19. Nc4 d5 20. exd5
b5) 19... Qxc3 20. Rxc3 $16) 18... d5 {Otherwise Black cannot accomplish his
development.} 19. exd5 d6 20. Ng5 Qd8 21. h3 (21. Ne4 Bf5 22. Nxf6 Qxf6 23.
Qxf6+ Kxf6 24. Rc7 {is not so decisive because of} Rab8) 21... Bd7 {Now White
gets a better _|_.} (21... Kg8 $1) 22. Ne4 Rc8 23. Qd4 Rxc1 24. Rxc1 Bf5 25.
Nc3 Qb6 26. Qxb6 axb6 27. Nb5 {Black's pawns on the << are very weak.} Rd8 (
27... Be4 28. Rc7 (28. Bxe4 Nxe4) (28. Nxd6 Bxg2 29. Kxg2 Rd8) 28... Bxg2 (
28... Bxd5 29. Nxd6 Bxa2 30. Rxb7 $16) 29. Kxg2 Nxd5 30. Rxb7 $16 {leads to
similar positions as in the game.}) 28. Rc7 Bd3 29. Na7 Ra8 30. Rxb7 Bc4 31. a3
Bxd5 32. Bxd5 Nxd5 33. Nb5 {[%mdl 4096] The white pieces dominate the board,
Black has to defend passively his weak pawns. White has a chance to create a
remote "a" o^.} Rd8 34. Kf1 {/\ Ke2-d3-d4 centralizing the K in the _|_.} Kf8 (
34... Kf6 {looks more active, but it doesn't change the matter.} 35. Ke2 Ke6 (
35... Rc8 36. Kd3 ({or certainly} 36. Rxf7+ Ke6 37. Rxh7 Rc2+ 38. Kd3)) 36.
Nd4+ Kf6 37. Kd3 $18) 35. Ke2 Ke8 36. Kd3 Rd7 37. Rb8+ {White certainly avoids
the exhange of his very active R.} Ke7 38. Kd4 Ke6 39. b4 h5 40. h4 f6 41. Ke4
{Black is slowly running out of moves.} f5+ 42. Kd4 f4 {This is a desperate
attempt to show some activity.} 43. Re8+ Ne7 (43... Kf7 44. Re4 $18) 44. gxf4
Kf6 {/\ Nf5 >< h4} 45. Rf8+ Ke6 46. Kd3 Nf5 47. a4 (47. Rb8 {was perhaps even
simpler.} Nxh4 48. Nd4+ Kf6 49. Rxb6 $18) 47... Kd5 48. Nc3+ Kc6 49. b5+ Kb7 {
Now the black K defends the weak pawn, but White's domination is still intact.}
50. Nd5 Nxh4 51. Rf6 Ka7 {Black can only sit and wait.} 52. Ke2 (52. Re6 Kb7
53. Ke4 {was the other plan.} Ka7 54. Ne7 (54. f5 gxf5+ 55. Kf4) 54... Kb7 55.
Kd5) 52... Rg7 $2 (52... Kb7 53. Kf1 {attacking the h4 N.}) 53. Rxd6 $18 {
Black's hopes connected with his o^ on h5 cannot be realized, the K will
successfully blockade it.} Nf5 54. Rxb6 h4 55. Kf1 h3 56. Kg1 Rd7 57. Ra6+ Kb7
58. Ne3 Nd4 59. Kh2 Rh7 60. Rxg6 Nf3+ 61. Kh1 Rc7 62. Rc6 Rg7 63. Rc1 Kb6 64.
Nc4+ Kb7 65. Ne5 Nd4 66. Rd1 1-0